00347pab a2200121 454500008004000000100001800040245009500058260000900153300001400162362001100176650002300187773001500210180718b2003 xxu||||| |||| 00| 0 eng d aAllan, T.R.S. aDoctrine and theory in administrative law: an elusive quest for the limits of jurisdiction c2003 ap.429-54. aAutumn aAdministrative law aPublic Law